Opening Day Lineups: Seattle Mariners - Statistics

General Stats
  • This quiz has been taken 474 times
    95 since last reset
  • The average score is 36 of 83
Answer Stats
# Starts Answer % Correct
4 Cal Raleigh
97%
4 Julio Rodríguez
95%
4 J.P. Crawford
90%
2 J.P. Crawford
90%
9 Félix Hernández
87%
1 Logan Gilbert
85%
2 Jorge Polanco
83%
1 Teoscar Hernández
80%
5 Ichiro Suzuki
78%
8 Kyle Seager
78%
2 Luis Castillo
78%
5 Robinson Canó
78%
6 Mitch Haniger
73%
4 Nelson Cruz
73%
1 Randy Arozarena
73%
1 Victor Robles
72%
4 Ty France
68%
2 Eugenio Suarez
67%
1 Luke Raley
65%
1 Rowdy Tellez
62%
3 Mike Zunino
58%
1 Dominic Canzone
53%
1 Dylan Moore
53%
3 Marco Gonzales
53%
1 Mitch Garver
53%
1 Ryan Bliss
52%
2 Jack Wilson
48%
4 Justin Smoak
47%
1 Mallex Smith
47%
1 Seth Smith
47%
2 Dee Gordon
45%
1 Kyle Lewis
45%
2 Leonys Martín
45%
1 Robbie Ray
45%
3 Franklin Gutiérrez
43%
2 Jarred Kelenic
43%
2 Jean Segura
43%
1 Ken Griffey Jr.
43%
1 Josh Rojas
42%
2 Brad Miller
40%
3 Brendan Ryan
40%
4 Dustin Ackley
40%
1 Ketel Marte
40%
1 Austin Jackson
38%
1 Domingo Santana
38%
1 Adam Frazier
37%
1 Kolten Wong
37%
1 Rob Johnson
37%
3 Michael Saunders
33%
3 Chone Figgins
32%
1 Edwin Encarnacion
32%
1 José López
32%
2 Evan White
30%
2 Logan Morrison
30%
1 Tommy La Stella
30%
1 Austin Nola
28%
1 Jesse Winker
28%
2 Jesús Montero
28%
1 Tom Murphy
28%
2 Miguel Olivo
27%
1 Jake Fraley
25%
1 Norichika Aoki
25%
1 Kendrys Morales
23%
1 Mike Morse
23%
1 Adam Lind
22%
1 Daniel Vogelbach
22%
1 Jay Bruce
22%
2 Milton Bradley
22%
1 Taylor Trammell
22%
1 Jack Cust
17%
1 Omar Narvaez
17%
1 Shed Long
17%
1 Tim Beckham
17%
1 Jose Marmolejos
15%
1 Mike Marjama
15%
1 Mike Carp
13%
2 Ryon Healy
13%
1 Casey Kotchman
12%
1 Chris Ianetta
12%
1 Danny Valencia
12%
1 Ryan Langerhans
12%
1 Jarrod Dyson
10%
1 Abraham Almonte
7%
No matching quizzes found
Score Distribution
Percent of People with Each Score
Percentile by Number Answered
Your Score History
You have not taken this quiz since the last reset